Возможности потенциометрии в исследовании явления электрохимической активации растворов электролитов; Химия и химическая технология на рубеже тысячелетий

書誌詳細
Parent link:Химия и химическая технология на рубеже тысячелетий.— 2004.— [С. 250-252]
第一著者: Чернышова Н. Н. Нина Николаевна
その他の著者: Перевезенцева Д. О. Дарья Олеговна, Чукшис О. А.
要約:Заглавие с титульного листа
Электронная версия печатной публикации
言語:ロシア語
出版事項: 2004
主題:
オンライン・アクセス:http://www.lib.tpu.ru/fulltext/v/Conferences/2004/K01/41174.pdf
フォーマット: 電子媒体 図書の章
KOHA link:https://koha.lib.tpu.ru/cgi-bin/koha/opac-detail.pl?biblionumber=219437

MARC

LEADER 00000naa2a2200000 4500
001 219437
005 20260203162459.0
035 |a (RuTPU)RU\TPU\book\239497 
035 |a RU\TPU\book\239496 
090 |a 219437 
100 |a 20120706d2004 k y0rusy50 ca 
101 0 |a rus 
102 |a RU 
135 |a drnn ---uucaa 
181 0 |a i  
182 0 |a b 
200 1 |a Возможности потенциометрии в исследовании явления электрохимической активации растворов электролитов  |f Н. Н. Чернышова, Д. О. Перевезенцева, О. А. Чукшис 
203 |a Текст  |c электронный 
215 |a 1 файл (416 Кб) 
300 |a Заглавие с титульного листа 
300 |a Электронная версия печатной публикации 
337 |a Adobe Reader 
463 1 |0 (RuTPU)RU\TPU\book\74583  |t Химия и химическая технология на рубеже тысячелетий  |o материалы III Всероссийской научной конференции, Томск, 2-4 сентября 2004 г.  |f Российское химическое общество им. Д. И. Менделеева; Химия и химическая технология на рубеже тысячелетий. Всероссийская научная конференция; Российская Академия естествознания; Администрация Томской области; ООО "Томскнефтехим"; ЗАО "Метанол"; Томский политехнический университет  |v [С. 250-252]  |d 2004 
610 1 |a электролиты 
610 1 |a растворы 
610 1 |a электрохимическая технология 
610 1 |a активация 
610 1 |a электрохимическая активация 
610 1 |a потенциометрия 
610 1 |a электронный ресурс 
610 1 |a труды учёных ТПУ 
700 1 |a Чернышова  |b Н. Н.  |c российский химик  |c доцент Томского политехнического университета, кандидат химических наук  |f 1948-  |g Нина Николаевна  |3 (RuTPU)RU\TPU\pers\27387 
701 1 |a Перевезенцева  |b Д. О.  |c химик  |c доцент Томского политехнического университета, кандидат химических наук  |f 1979-  |g Дарья Олеговна  |3 (RuTPU)RU\TPU\pers\27386  |9 12723 
701 1 |a Чукшис  |b О. А. 
801 1 |a RU  |b 63413507  |c 20120529 
801 2 |a RU  |b 63413507  |c 20120706  |g RCR 
856 4 |u http://www.lib.tpu.ru/fulltext/v/Conferences/2004/K01/41174.pdf 
942 |c CF